000 00548nam a2200181Ia 4500
008 090124s9999 xx 000 0 und d
082 _b133942
_a103414
100 _aठाकूर अजित
245 _a द दा विंची कोड
250 _a1
260 _bब्राऊन डॅन
_c2006
300 _a446
600 _aठाकूर अजित
630 _a द दा विंची कोड
700 _aठाकूर अजित
730 _a द दा विंची कोड
942 _cBOOK
999 _c180253
_d180253